Obra selecta / (Record no. 74728)

MARC details
000 -LEADER
campo de control de longitud fija 01101nam a2200241 i 4500
001 - NÚMERO DE CONTROL
campo de control 74728
003 - IDENTIFICADOR DE NÚMERO DE CONTROL
campo de control ES-MaACL
005 - FECHA Y HORA DE LA ÚLTIMA TRANSACCIÓN
campo de control 20250928115812.0
007 - CAMPO FIJO DE DESCRIPCIÓN FÍSICA--INFORMACIÓN GENERAL
campo de control de longitud fija t|
008 - DATOS DE LONGITUD FIJA--INFORMACIÓN GENERAL
campo de control de longitud fija 040920s1957 sp ||||1| spa d
100 1# - ENTRADA PRINCIPAL--NOMBRE DE PERSONA
Nombre de persona González Ruiz, Nicolás,
Fechas asociadas al nombre 1897-1967
9 (RLIN) 58946
245 10 - MENCIÓN DEL TÍTULO
Título Obra selecta /
Mención de responsabilidad, etc. Nicolás González Ruiz ; prólogo de Gregrorio Marañón.
260 ## - PUBLICACIÓN, DISTRIBUCIÓN, ETC.
Lugar de publicación, distribución, etc. Barcelona :
Nombre del editor, distribuidor, etc. Labor,
Fecha de publicación, distribución, etc. 1957.
300 ## - DESCRIPCIÓN FÍSICA
Extensión XIII, 501 p. ;
Dimensiones 24 cm.
505 8# - NOTA DE CONTENIDO CON FORMATO
Nota de contenido con formato Contiene: Biografías: Axel de Fersen, el romántico amor de Maria Antonieta ; La Caramba ; Catalina de Médicis ; Lucrecia Borgia . Novela: El polígamo inocente ; El regreso de las sombras . Teatro: Tríptico de la Pasión ; El precio de la victoria . Artículos y reportajes.
600 17 - PUNTO DE ACCESO ADICIONAL DE MATERIA--NOMBRE DE PERSONA
Nombre de persona Fersen, Hans Axel von,
Fechas asociadas al nombre 1755-1810
Fuente del encabezamiento o término
9 (RLIN) 159703
600 04 - PUNTO DE ACCESO ADICIONAL DE MATERIA--NOMBRE DE PERSONA
Nombre de persona María Antonia,
Títulos y otros términos asociados al nombre la Caramba,
Fechas asociadas al nombre 1750-1787
9 (RLIN) 172556
600 04 - PUNTO DE ACCESO ADICIONAL DE MATERIA--NOMBRE DE PERSONA
Nombre de persona Catalina
Títulos y otros términos asociados al nombre , Reina consorte de Enrique II, Rey de Francia.
9 (RLIN) 37039
600 14 - PUNTO DE ACCESO ADICIONAL DE MATERIA--NOMBRE DE PERSONA
Nombre de persona Borgia, Lucrezia.
9 (RLIN) 30479
700 1# - ENTRADA AGREGADA--NOMBRE PERSONAL
Nombre de persona Marañón, Gregorio,
Fechas asociadas al nombre 1887-1960
9 (RLIN) 76311
852 ## - LOCALIZACIÓN
Ubicación ES-MaACL
Número de control de estantería C-7788
Holdings
Estatus retirado Estado de pérdida Estado de daño No para préstamo Biblioteca de origen Biblioteca actual Ubicación en estantería Fecha de adquisición Fuente de adquisición Total de préstamos Signatura topográfica completa Código de barras Visto por última vez Precio de reemplazo Tipo de ítem Koha
        Biblioteca del Ateneo de Madrid Biblioteca del Ateneo de Madrid Sala Palomar 17/01/2008     C-7788 1078224 23/02/2023 23/02/2023 Libro impreso